[Event "Madrid ch - Final 2018"]
[Site "Madrid ESP"]
[Date "2018.05.31"]
[Round "6.4"]
[White "De La Fuente Gonzalez, Francisco"]
[Black "Perez Gonzalez, Jose Manuel"]
[Result "0-1"]
[WhiteElo "2213"]
[BlackElo "2252"]
[PlyCount "82"]
[EventDate "2018.05.26"]
[EventType "swiss"]
[EventRounds "7"]
[EventCountry "ESP"]
[SourceTitle "Ajedrez en Madrid"]
[Source "lmi"]
[SourceDate "2018.05.26"]
[SourceVersion "1"]
[SourceVersionDate "2018.06.02"]
[SourceQuality "1"]

1. c4 Nf6 2. Nc3 g6 3. e4 d6 4. g3 c5 5. Bg2 Nc6 6. Nge2 Bg7 7. O-O O-O 8. d3
a6 9. h3 Ne8 10. Be3 Nd4 11. f4 Rb8 12. Bf2 b5 13. cxb5 Nxe2+ 14. Qxe2 axb5 15.
Rad1 b4 16. Nd5 Be6 17. d4 Bxd5 18. exd5 cxd4 19. Bxd4 Bxd4+ 20. Rxd4 Qb6 21.
Qf2 Nf6 22. Re1 Rb7 23. Rc1 Ra8 24. Rc6 Qa7 25. b3 Qxa2 26. Qxa2 Rxa2 27. Rcc4
Ra5 28. Rxb4 Rxb4 29. Rxb4 Nxd5 30. Rb8+ Kg7 31. b4 Ra1+ 32. Kh2 Ne3 33. Bc6
Nf5 34. b5 Nd4 35. Bd7 Ra2+ 36. Kg1 Rb2 37. b6 e5 38. fxe5 dxe5 39. b7 e4 40.
Bc8 Nf3+ 41. Kf1 e3 0-1

[Event "Madrid ch - Final 2018"]
[Site "Madrid ESP"]
[Date "2018.05.31"]
[Round "6.5"]
[White "Fernandez Lledo, Javier"]
[Black "Pastor Alonso de Prado, Emilio Alberto"]
[Result "1-0"]
[WhiteElo "2241"]
[BlackElo "2148"]
[PlyCount "55"]
[EventDate "2018.05.26"]
[EventType "swiss"]
[EventRounds "7"]
[EventCountry "ESP"]
[SourceTitle "Ajedrez en Madrid"]
[Source "lmi"]
[SourceDate "2018.05.26"]
[SourceVersion "1"]
[SourceVersionDate "2018.06.02"]
[SourceQuality "1"]

1. e4 d6 2. d4 Nf6 3. Nc3 c6 4. g3 Nbd7 5. Bg2 e5 6. Nge2 Be7 7. O-O O-O 8. h3
Re8 9. Be3 Bf8 10. g4 Nb6 11. Ng3 exd4 12. Bxd4 d5 13. e5 Nfd7 14. f4 Bc5 15.
Nf5 Bxd4+ 16. Qxd4 Nf8 17. Nd6 Ne6 18. Qf2 Rf8 19. h4 f6 20. Qg3 Nc4 21. Nxc4
dxc4 22. Rad1 Qb6+ 23. Kh2 fxe5 24. fxe5 Qc7 25. Rd6 Re8 26. Ne4 Nf8 27. Ng5
Be6 28. Rxf8+ 1-0

[Event "Madrid ch - Final 2018"]
[Site "Madrid ESP"]
[Date "2018.05.31"]
[Round "6.6"]
[White "Candela Perez, Jose"]
[Black "Cabañas Bravo, Juan Andres"]
[Result "1-0"]
[WhiteElo "2353"]
[BlackElo "1936"]
[PlyCount "41"]
[EventDate "2018.05.26"]
[EventType "swiss"]
[EventRounds "7"]
[EventCountry "ESP"]
[SourceTitle "Ajedrez en Madrid"]
[Source "lmi"]
[SourceDate "2018.05.26"]
[SourceVersion "1"]
[SourceVersionDate "2018.06.02"]
[SourceQuality "1"]

1. e4 d5 2. exd5 Nf6 3. Nf3 Qxd5 4. d4 Bg4 5. Be2 Nc6 6. Be3 O-O-O 7. c4 Qa5+
8. Nc3 Ne4 9. O-O Nxc3 10. bxc3 Qxc3 11. Ng5 Bxe2 12. Qxe2 Rd7 13. Nxf7 Rg8 14.
Rac1 Qa5 15. d5 Nd8 16. Ne5 Rd6 17. Qh5 Rh8 18. Qh3+ e6 19. Ng6 Nf7 20. Nxh8
Nxh8 21. Qxh7 1-0

[Event "Madrid ch - Final 2018"]
[Site "Madrid ESP"]
[Date "2018.05.31"]
[Round "6.7"]
[White "Sanchez Garcia, Aurelio"]
[Black "Nuñez Muñoz, Jesus"]
[Result "0-1"]
[WhiteElo "2060"]
[BlackElo "2193"]
[PlyCount "62"]
[EventDate "2018.05.26"]
[EventType "swiss"]
[EventRounds "7"]
[EventCountry "ESP"]
[SourceTitle "Ajedrez en Madrid"]
[Source "lmi"]
[SourceDate "2018.05.26"]
[SourceVersion "1"]
[SourceVersionDate "2018.06.02"]
[SourceQuality "1"]

1. d4 Nf6 2. Bf4 e6 3. e3 c5 4. c3 b6 5. Nd2 Bb7 6. Ngf3 Be7 7. h3 O-O 8. Bd3
cxd4 9. exd4 d6 10. O-O Re8 11. Re1 Nbd7 12. Bh2 Bf8 13. a4 a6 14. c4 e5 15. d5
b5 16. b3 Nc5 17. Ne4 Nfxe4 18. Bxe4 bxc4 19. bxc4 Bc8 20. Bc2 Bd7 21. Nd2 f5
22. f4 e4 23. Nf1 g6 24. Kh1 Rb8 25. Ra2 Bg7 26. Ne3 Qf6 27. Bg3 Qc3 28. Re2
Nd3 29. Be1 Qd4 30. a5 Nxf4 31. Rd2 Qxe3 0-1

[Event "Madrid ch - Final 2018"]
[Site "Madrid ESP"]
[Date "2018.05.31"]
[Round "6.8"]
[White "Yingrui, Lin"]
[Black "Aguilera Lopez, Alejandro"]
[Result "0-1"]
[WhiteElo "2188"]
[BlackElo "2098"]
[PlyCount "106"]
[EventDate "2018.05.26"]
[EventType "swiss"]
[EventRounds "7"]
[EventCountry "ESP"]
[SourceTitle "Ajedrez en Madrid"]
[Source "lmi"]
[SourceDate "2018.05.26"]
[SourceVersion "1"]
[SourceVersionDate "2018.06.02"]
[SourceQuality "1"]

1. c4 e5 2. Nc3 Nc6 3. g3 Bc5 4. Bg2 d6 5. e3 a6 6. Nge2 Ba7 7. O-O h5 8. h3 h4
9. g4 f5 10. f3 Nf6 11. Nd5 Be6 12. Nec3 Qd7 13. d3 O-O-O 14. Bd2 Bxd5 15. Nxd5
Nxd5 16. cxd5 Ne7 17. Qb3 f4 18. Rae1 Qb5 19. Qxb5 axb5 20. Kh2 Nxd5 21. e4 Ne7
22. Bc3 c5 23. b3 Nc6 24. Re2 Kc7 25. Rfe1 Bb6 26. Rc2 Ra8 27. Rb1 Ra3 28. b4
Rha8 29. bxc5 Bxc5 30. Bxe5 Nxe5 31. d4 Rxa2 32. Rxa2 Rxa2 33. dxe5 dxe5 34.
Rxb5 Kc6 35. Rb1 b5 36. Kh1 b4 37. Bf1 Rf2 38. Bg2 Kb5 39. Bf1+ Ka4 40. Bc4
Rxf3 41. Kg2 Rg3+ 42. Kh2 b3 43. Rd1 Kb4 44. Be6 Bd4 45. Rc1 Rc3 46. Rb1 Rc2+
47. Kh1 b2 48. Ba2 Ka3 49. g5 Kxa2 50. g6 Rc1+ 51. Kh2 Rxb1 52. Kg2 Rg1+ 53.
Kh2 Rg3 0-1

[Event "Madrid ch - Final 2018"]
[Site "Madrid ESP"]
[Date "2018.05.31"]
[Round "6.9"]
[White "Mkrtchyan, Levon"]
[Black "Santamaria Baeza, Adolfo"]
[Result "1-0"]
[WhiteElo "2141"]
[BlackElo "1901"]
[PlyCount "63"]
[EventDate "2018.05.26"]
[EventType "swiss"]
[EventRounds "7"]
[EventCountry "ESP"]
[SourceTitle "Ajedrez en Madrid"]
[Source "lmi"]
[SourceDate "2018.05.26"]
[SourceVersion "1"]
[SourceVersionDate "2018.06.02"]
[SourceQuality "1"]

1. e4 e5 2. Nf3 Nc6 3. Bc4 Bc5 4. b4 Bxb4 5. c3 Bd6 6. O-O Qf6 7. d4 h6 8. Na3
a6 9. Nc2 Nge7 10. Ne3 exd4 11. cxd4 Bb4 12. e5 Qg6 13. Bd3 Qh5 14. g4 Qh3 15.
Re1 Nxd4 16. Nxd4 Bxe1 17. Bf1 Qh4 18. Qxe1 Ng6 19. Ndf5 Qg5 20. Bg2 O-O 21. h3
Nf4 22. Nd5 Nxg2 23. Kxg2 Qd8 24. Bxh6 d6 25. Nde7+ Kh7 26. Bxg7 Bxf5 27. Nxf5
Rg8 28. Qe3 Qh4 29. Nxh4 Rxg7 30. Nf5 Rg6 31. Qg3 Re8 32. Qh4+ 1-0

[Event "Madrid ch - Final 2018"]
[Site "Madrid ESP"]
[Date "2018.05.31"]
[Round "6.10"]
[White "Barragan Arriaza, Pablo"]
[Black "Rodrigo Yanguas, Maria"]
[Result "1/2-1/2"]
[WhiteElo "2030"]
[BlackElo "2054"]
[PlyCount "123"]
[EventDate "2018.05.26"]
[EventType "swiss"]
[EventRounds "7"]
[EventCountry "ESP"]
[SourceTitle "Ajedrez en Madrid"]
[Source "lmi"]
[SourceDate "2018.05.26"]
[SourceVersion "1"]
[SourceVersionDate "2018.06.02"]
[SourceQuality "1"]

1. c4 e6 2. Nf3 f5 3. Nc3 Nf6 4. d4 Be7 5. Qc2 O-O 6. e4 fxe4 7. Nxe4 Nxe4 8.
Qxe4 d5 9. Qc2 Bb4+ 10. Bd2 Nc6 11. Bd3 Rxf3 12. gxf3 Nxd4 13. Qd1 Bxd2+ 14.
Kxd2 dxc4 15. Bxc4 b5 16. Bd3 Bb7 17. Be4 Nxf3+ 18. Ke3 Qg5+ 19. Kxf3 Rf8+ 20.
Ke2 Bxe4 21. Rg1 Bf3+ 22. Kf1 Qf4 23. Qd3 Bd5 24. Qg3 Qc4+ 25. Ke1 g6 26. Qc3
Qh4 27. Qg3 Qf6 28. Rd1 Qxb2 29. Qe3 Qxa2 30. h4 Rf3 31. Qd4 Rf5 32. Rg5 Bc4
33. Qe3 Qa5+ 34. Rd2 Qa1+ 35. Rd1 Qf6 36. Rxf5 gxf5 37. Qg3+ Kh8 38. h5 f4 39.
Qa3 Qe5+ 40. Kd2 Qd6+ 41. Qxd6 cxd6 42. h6 Kg8 43. Rg1+ Kf7 44. Rg7+ Kf6 45.
Rxh7 Kg6 46. Rxa7 Kxh6 47. Ra6 Kg5 48. Rxd6 Kg4 49. Ra6 Kf3 50. Ke1 e5 51. Ra3+
Ke4 52. Kd2 Kd4 53. Ra8 b4 54. Rd8+ Bd5 55. Rb8 b3 56. Rc8 e4 57. Re8 Kc4 58.
Rf8 f3 59. Rb8 Kd4 60. Rb4+ Bc4 61. Rb8 Bd5 62. Rb4+ 1/2-1/2

[Event "Madrid ch - Final 2018"]
[Site "Madrid ESP"]
[Date "2018.05.31"]
[Round "6.11"]
[White "Perez Diez, Victor"]
[Black "Pindado Campos, Raul"]
[Result "1-0"]
[WhiteElo "1964"]
[BlackElo "2018"]
[PlyCount "101"]
[EventDate "2018.05.26"]
[EventType "swiss"]
[EventRounds "7"]
[EventCountry "ESP"]
[SourceTitle "Ajedrez en Madrid"]
[Source "lmi"]
[SourceDate "2018.05.26"]
[SourceVersion "1"]
[SourceVersionDate "2018.06.02"]
[SourceQuality "1"]

1. e4 c5 2. Nc3 Nc6 3. g3 g6 4. d3 Bg7 5. Be3 d6 6. Bg2 e6 7. Qd2 Rb8 8. Nge2
Bd7 9. d4 cxd4 10. Nxd4 Ne5 11. Qe2 a6 12. Rd1 Ne7 13. f4 N5c6 14. Nf3 Qc7 15.
Qd2 Na5 16. Bf1 Bc6 17. b4 Bd7 18. Bd4 e5 19. fxe5 dxe5 20. Bb6 Qxb6 21. Qxd7+
Kf8 22. bxa5 Qe3+ 23. Ne2 f5 24. Rd3 Qh6 25. Qd6 fxe4 26. Qxb8+ Kf7 27. Nxe5+
Bxe5 28. Qxe5 exd3 29. Nf4 Re8 30. Qe6+ Kf8 31. Qf6+ Kg8 32. Qe6+ Kf8 33. Kf2
Qg5 34. Bxd3 Nf5 35. Bxf5 gxf5 36. Qd6+ Kg8 37. Qd5+ Kh8 38. Re1 Rxe1 39. Kxe1
Qe7+ 40. Ne6 Qb4+ 41. Kf2 Kg8 42. Ng5+ Kg7 43. Ne6+ Kf7 44. Nf4+ Ke8 45. Kg2
Qc3 46. Qg8+ Kd7 47. Qf7+ Kc6 48. Qe6+ Kb5 49. Qb3+ Qxb3 50. cxb3 Kxa5 51. Nd3
1-0

[Event "Madrid ch - Final 2018"]
[Site "Madrid ESP"]
[Date "2018.05.31"]
[Round "6.12"]
[White "Lopez de Turiso, Jose Angel"]
[Black "Fernandez Aransay, Fernando"]
[Result "1-0"]
[WhiteElo "2022"]
[BlackElo "1871"]
[PlyCount "125"]
[EventDate "2018.05.26"]
[EventType "swiss"]
[EventRounds "7"]
[EventCountry "ESP"]
[SourceTitle "Ajedrez en Madrid"]
[Source "lmi"]
[SourceDate "2018.05.26"]
[SourceVersion "1"]
[SourceVersionDate "2018.06.02"]
[SourceQuality "1"]

1. d4 d5 2. c4 e6 3. Nc3 Nf6 4. cxd5 exd5 5. Bg5 Be7 6. e3 h6 7. Bh4 O-O 8. Bd3
b6 9. Nge2 Bb7 10. f3 c5 11. Qd2 Nbd7 12. g4 Nh7 13. Bxe7 Qxe7 14. h4 Rfe8 15.
Kf2 Nhf8 16. Rag1 Ne6 17. Bb1 cxd4 18. exd4 Qb4 19. a3 Qd6 20. g5 h5 21. g6 f6
22. Ng3 Qf4 23. Qxf4 Nxf4 24. Nce2 Nxe2 25. Nxe2 Ba6 26. Nf4 Bc4 27. Re1 Rad8
28. Rxe8+ Rxe8 29. Re1 Rxe1 30. Kxe1 Nb8 31. Kd2 Nc6 32. Kc3 Ne7 33. Bc2 Bb5
34. Bb3 Bc6 35. Ba2 Nf5 36. Bxd5+ Bxd5 37. Nxd5 Nxh4 38. Nf4 Nxf3 39. Nxh5 Kf8
40. Kc4 Nh4 41. Nf4 Ke7 42. Kb5 Nf3 43. Ka6 Nxd4 44. Kxa7 b5 45. Kb6 Kd6 46.
Nh5 Ne6 47. Kxb5 f5 48. a4 Ke7 49. b4 f4 50. Kc4 f3 51. Kd3 Nf8 52. Nf4 Kd6 53.
Ke3 Nd7 54. Kxf3 Nb6 55. a5 Nc4 56. Ke4 Kc6 57. Kd4 Kb5 58. Nd3 Nd6 59. Kd5 Nc4
60. Ke6 Ne3 61. Kf7 Nf5 62. Kf8 Ka6 63. Nf4 1-0

[Event "Madrid ch - Final 2018"]
[Site "Madrid ESP"]
[Date "2018.06.01"]
[Round "7.1"]
[White "Espinosa Aranda, Angel"]
[Black "Perez Gonzalez, Jose Manuel"]
[Result "1-0"]
[WhiteElo "2465"]
[BlackElo "2252"]
[PlyCount "97"]
[EventDate "2018.05.26"]
[EventType "swiss"]
[EventRounds "7"]
[EventCountry "ESP"]
[SourceTitle "Ajedrez en Madrid"]
[Source "lmi"]
[SourceDate "2018.05.26"]
[SourceVersion "1"]
[SourceVersionDate "2018.06.02"]
[SourceQuality "1"]

1. c4 Nf6 2. Nc3 g6 3. e4 d6 4. d4 Bg7 5. h3 O-O 6. Be3 c5 7. Nf3 cxd4 8. Nxd4
b6 9. g3 Bb7 10. Bg2 Nbd7 11. O-O Qc7 12. Nd5 Nxd5 13. cxd5 Rac8 14. Rc1 Qb8
15. Qe2 Rxc1 16. Rxc1 Rc8 17. Nc6 Bxc6 18. dxc6 Ne5 19. Qb5 a6 20. Qxa6 Rxc6
21. Rxc6 Nxc6 22. Qc4 Na7 23. b4 b5 24. Qc2 Qc8 25. Qxc8+ Nxc8 26. Bf1 Bc3 27.
Bxb5 d5 28. exd5 Bxb4 29. Kf1 Nd6 30. a4 f6 31. Ke2 Kf7 32. Bd7 Nc4 33. Bd4 Ba5
34. f4 Bc7 35. Kd3 Nd6 36. g4 f5 37. Be6+ Kf8 38. gxf5 gxf5 39. Be5 h6 40. Bxf5
Nxf5 41. Bxc7 Ke8 42. a5 Kd7 43. Be5 Kc8 44. a6 h5 45. Kc4 Ne3+ 46. Kc5 Nc2 47.
Kb6 Nb4 48. a7 Nxd5+ 49. Kc5 1-0

[Event "Madrid ch - Final 2018"]
[Site "Madrid ESP"]
[Date "2018.06.01"]
[Round "7.2"]
[White "Pulvett Marin, Daniel Eduardo"]
[Black "Fernandez Lledo, Javier"]
[Result "1-0"]
[WhiteElo "2455"]
[BlackElo "2241"]
[PlyCount "53"]
[EventDate "2018.05.26"]
[EventType "swiss"]
[EventRounds "7"]
[EventCountry "ESP"]
[SourceTitle "Ajedrez en Madrid"]
[Source "lmi"]
[SourceDate "2018.05.26"]
[SourceVersion "1"]
[SourceVersionDate "2018.06.02"]
[SourceQuality "1"]

1. d4 Nf6 2. c4 e6 3. Nf3 d5 4. Nc3 dxc4 5. e4 Bb4 6. Bxc4 Nxe4 7. O-O Nxc3 8.
bxc3 Bxc3 9. Rb1 c5 10. Bg5 Qc7 11. d5 O-O 12. d6 Qd7 13. Qd3 Bf6 14. Bxf6 gxf6
15. Nd2 Qd8 16. Ne4 Nd7 17. Qe3 Ne5 18. Qh6 Ng4 19. Qh5 f5 20. f3 fxe4 21. fxg4
b6 22. Rbd1 f6 23. g5 Qd7 24. gxf6 Rf7 25. Qe5 b5 26. Be2 Qc6 27. Bh5 1-0

[Event "Madrid ch - Final 2018"]
[Site "Madrid ESP"]
[Date "2018.06.01"]
[Round "7.3"]
[White "Moreno Ruiz, Javier"]
[Black "Roa Alonso, Santiago"]
[Result "1/2-1/2"]
[WhiteElo "2447"]
[BlackElo "2355"]
[PlyCount "46"]
[EventDate "2018.05.26"]
[EventType "swiss"]
[EventRounds "7"]
[EventCountry "ESP"]
[SourceTitle "Ajedrez en Madrid"]
[Source "lmi"]
[SourceDate "2018.05.26"]
[SourceVersion "1"]
[SourceVersionDate "2018.06.02"]
[SourceQuality "1"]

1. d4 Nf6 2. Bf4 g6 3. e3 Bg7 4. Nf3 d6 5. h3 c5 6. c3 O-O 7. Nbd2 b6 8. a4 Nc6
9. Be2 Bb7 10. O-O Rc8 11. Re1 cxd4 12. exd4 Nd5 13. Bg3 Na5 14. Bf1 Rc7 15.
Nb3 Nc4 16. Ra2 a5 17. Nfd2 Ba6 18. Nxc4 Bxc4 19. Bxc4 Rxc4 20. Nd2 Rc7 21. Qb3
Qa8 22. Nc4 Qc6 23. Na3 Bf6 1/2-1/2

[Event "Madrid ch - Final 2018"]
[Site "Madrid ESP"]
[Date "2018.06.01"]
[Round "7.4"]
[White "Martin Duque, Jesus"]
[Black "Nuñez Muñoz, Jesus"]
[Result "1-0"]
[WhiteElo "2377"]
[BlackElo "2193"]
[PlyCount "85"]
[EventDate "2018.05.26"]
[EventType "swiss"]
[EventRounds "7"]
[EventCountry "ESP"]
[SourceTitle "Ajedrez en Madrid"]
[Source "lmi"]
[SourceDate "2018.05.26"]
[SourceVersion "1"]
[SourceVersionDate "2018.06.02"]
[SourceQuality "1"]

1. e4 c6 2. d4 d5 3. e5 Bf5 4. Nd2 e6 5. Nb3 Nd7 6. Nf3 Ne7 7. Be2 Nc8 8. O-O
Be7 9. Be3 O-O 10. a4 a6 11. a5 Na7 12. c4 dxc4 13. Bxc4 Nb5 14. Nfd2 Bg6 15.
Be2 Nc7 16. Nc4 Nd5 17. Bd3 Rc8 18. Bxg6 hxg6 19. Qe2 c5 20. Rfd1 cxd4 21. Bxd4
Qc7 22. Rac1 Qb8 23. g3 Rfd8 24. h4 Rc6 25. h5 g5 26. Nbd2 Rdc8 27. Ne4 b5 28.
axb6 N7xb6 29. Nxb6 Rxc1 30. Nxc8 Rxd1+ 31. Qxd1 Qxc8 32. Kh2 Qb7 33. Qa4 Qb5
34. Qxb5 axb5 35. Kg2 g4 36. Kf1 f5 37. Nd6 b4 38. Ke2 Bg5 39. Kd3 Kh7 40. Kc4
Kh6 41. Nxf5+ exf5 42. Kxd5 Kxh5 43. Kd6 1-0

[Event "Madrid ch - Final 2018"]
[Site "Madrid ESP"]
[Date "2018.06.01"]
[Round "7.5"]
[White "Martinez Fernandez, Raul"]
[Black "Candela Perez, Jose"]
[Result "0-1"]
[WhiteElo "2176"]
[BlackElo "2353"]
[PlyCount "78"]
[EventDate "2018.05.26"]
[EventType "swiss"]
[EventRounds "7"]
[EventCountry "ESP"]
[SourceTitle "Ajedrez en Madrid"]
[Source "lmi"]
[SourceDate "2018.05.26"]
[SourceVersion "1"]
[SourceVersionDate "2018.06.02"]
[SourceQuality "1"]

1. e4 c5 2. b4 cxb4 3. Nf3 d5 4. exd5 Qxd5 5. c4 bxc3 6. Nxc3 Qa5 7. Qb3 Nc6 8.
d4 e6 9. Bb5 Bb4 10. Bd2 Nge7 11. O-O O-O 12. a3 Bxc3 13. Bxc3 Qb6 14. Qa4 Nd5
15. Bd2 Bd7 16. Rab1 Qc7 17. Qc2 Rac8 18. Qe4 Nce7 19. Bd3 Ng6 20. Rfc1 Bc6 21.
Qg4 Nf6 22. Qg5 Qd8 23. Be3 Bxf3 24. gxf3 Rxc1+ 25. Rxc1 Nd5 26. Qg3 Qd7 27.
Bd2 Qa4 28. Bxg6 hxg6 29. Qd6 Ra8 30. Bb4 Qe8 31. Bd2 Rc8 32. Rb1 b6 33. Qe5
Qa4 34. Bb4 a5 35. Bd6 Qc6 36. Qg3 g5 37. Bb8 f6 38. Re1 Kf7 39. h3 Ne7 0-1

[Event "Madrid ch - Final 2018"]
[Site "Madrid ESP"]
[Date "2018.06.01"]
[Round "7.6"]
[White "Aguilera Lopez, Alejandro"]
[Black "De La Fuente Gonzalez, Francisco"]
[Result "1/2-1/2"]
[WhiteElo "2098"]
[BlackElo "2213"]
[PlyCount "132"]
[EventDate "2018.05.26"]
[EventType "swiss"]
[EventRounds "7"]
[EventCountry "ESP"]
[SourceTitle "Ajedrez en Madrid"]
[Source "lmi"]
[SourceDate "2018.05.26"]
[SourceVersion "1"]
[SourceVersionDate "2018.06.02"]
[SourceQuality "1"]

1. d4 d5 2. Nf3 Nf6 3. e3 c6 4. Nbd2 Bf5 5. c4 e6 6. Nh4 Bg4 7. Qb3 Qb6 8. h3
Bh5 9. g4 Bg6 10. Nxg6 hxg6 11. Bg2 Qxb3 12. axb3 Na6 13. O-O Nb4 14. g5 Nd7
15. Nf3 Be7 16. Bd2 f6 17. Ra4 Na6 18. Rfa1 Nb6 19. R4a2 dxc4 20. bxc4 Nxc4 21.
Bf1 Nxd2 22. Nxd2 Nc7 23. Rxa7 O-O-O 24. Nf3 Kb8 25. R7a4 Rh5 26. Bg2 Nd5 27.
Kf1 Kc7 28. Ke2 Bd6 29. Ra8 Rhh8 30. Rxd8 Rxd8 31. Nd2 Rh8 32. Rg1 Be7 33. Nc4
b5 34. Nd2 f5 35. Nf3 Bd6 36. Ra1 Kb7 37. Kd3 Ne7 38. Nd2 Ra8 39. Rc1 Ra2 40.
Rc2 Nd5 41. Bxd5 cxd5 42. Nf3 Ra8 43. Nh4 Rh8 44. Nxg6 Rxh3 45. Ne5 Bxe5 46.
dxe5 Rh8 47. f3 Kb6 48. e4 dxe4+ 49. fxe4 Rh3+ 50. Kd4 Rh4 51. Rc8 Rxe4+ 52.
Kd3 Rxe5 53. Rg8 f4 54. Rxg7 Re3+ 55. Kd2 e5 56. Re7 Kc5 57. g6 Kd5 58. Rb7 Kc6
59. Re7 Kd6 60. Rb7 Kc5 61. Rc7+ Kd6 62. Rb7 Rg3 63. Rxb5 e4 64. Rf5 Rg2+ 65.
Kc3 Rg3+ 66. Kd4 Rxg6 1/2-1/2

[Event "Madrid ch - Final 2018"]
[Site "Madrid ESP"]
[Date "2018.06.01"]
[Round "7.7"]
[White "Pastor Alonso de Prado, Emilio Alberto"]
[Black "Mkrtchyan, Levon"]
[Result "1/2-1/2"]
[WhiteElo "2148"]
[BlackElo "2141"]
[PlyCount "101"]
[EventDate "2018.05.26"]
[EventType "swiss"]
[EventRounds "7"]
[EventCountry "ESP"]
[SourceTitle "Ajedrez en Madrid"]
[Source "lmi"]
[SourceDate "2018.05.26"]
[SourceVersion "1"]
[SourceVersionDate "2018.06.02"]
[SourceQuality "1"]

1. e4 e6 2. d4 d5 3. e5 c5 4. c3 Nc6 5. Be3 Nh6 6. Bd3 cxd4 7. cxd4 Nf5 8. Nf3
Be7 9. Nc3 Nxe3 10. fxe3 O-O 11. O-O f6 12. e4 Nxd4 13. exf6 Nxf3+ 14. Rxf3
Bxf6 15. exd5 exd5 16. Qc2 Bd4+ 17. Kh1 Rxf3 18. gxf3 Qf6 19. Qe2 Be6 20. Nb5
Bb6 21. a4 a6 22. Nc3 Bf7 23. Rf1 Re8 24. Qg2 Bd4 25. Nd1 Bg6 26. Bxg6 Qxg6 27.
Qxg6 hxg6 28. Nc3 Bxc3 29. bxc3 Re3 30. Rd1 Rxf3 31. Rxd5 Rxc3 32. Rd8+ Kh7 33.
Kg2 b5 34. axb5 axb5 35. Rb8 Rb3 36. h4 g5 37. hxg5 Kg6 38. Rb7 b4 39. Kf2 Rb1
40. Ke3 b3 41. Kd3 Rf1 42. Ke2 Rf7 43. Rxb3 Kxg5 44. Rb1 Rf4 45. Rg1+ Kf6 46.
Ke3 g5 47. Rg3 Kg6 48. Rf3 Rg4 49. Kf2 Kh5 50. Rh3+ Kg6 51. Ra3 1/2-1/2

[Event "Madrid ch - Final 2018"]
[Site "Madrid ESP"]
[Date "2018.06.01"]
[Round "7.8"]
[White "Yingrui, Lin"]
[Black "Perez Diez, Victor"]
[Result "0-1"]
[WhiteElo "2188"]
[BlackElo "1964"]
[PlyCount "62"]
[EventDate "2018.05.26"]
[EventType "swiss"]
[EventRounds "7"]
[EventCountry "ESP"]
[SourceTitle "Ajedrez en Madrid"]
[Source "lmi"]
[SourceDate "2018.05.26"]
[SourceVersion "1"]
[SourceVersionDate "2018.06.02"]
[SourceQuality "1"]

1. d4 f5 2. e4 fxe4 3. Nc3 Nf6 4. Bg5 g6 5. f3 d5 6. fxe4 dxe4 7. Bc4 Nc6 8.
Nge2 Na5 9. Bb3 Nxb3 10. axb3 Bg7 11. Qd2 O-O 12. O-O-O a5 13. h4 Bg4 14. Bxf6
exf6 15. Nxe4 a4 16. Nc5 b6 17. Ne4 axb3 18. cxb3 Re8 19. N2c3 Bxd1 20. Rxd1
Ra1+ 21. Kc2 Rxd1 22. Qxd1 f5 23. Ng5 Qxd4 24. Qf3 h6 25. Nh3 Rd8 26. Nf4 Qd2+
27. Kb1 Bxc3 28. bxc3 Qe1+ 29. Ka2 Rd2+ 30. Ka3 Qa1+ 31. Kb4 Qa5+ 0-1

[Event "Madrid ch - Final 2018"]
[Site "Madrid ESP"]
[Date "2018.06.01"]
[Round "7.9"]
[White "Cabañas Bravo, Juan Andres"]
[Black "Barragan Arriaza, Pablo"]
[Result "1/2-1/2"]
[WhiteElo "1936"]
[BlackElo "2030"]
[PlyCount "161"]
[EventDate "2018.05.26"]
[EventType "swiss"]
[EventRounds "7"]
[EventCountry "ESP"]
[SourceTitle "Ajedrez en Madrid"]
[Source "lmi"]
[SourceDate "2018.05.26"]
[SourceVersion "1"]
[SourceVersionDate "2018.06.02"]
[SourceQuality "1"]

1. e4 e5 2. d4 exd4 3. c3 d5 4. exd5 Qxd5 5. cxd4 Bb4+ 6. Nc3 Nf6 7. Nf3 O-O 8.
Be2 Nc6 9. O-O Qd8 10. h3 Be6 11. a3 Be7 12. Bb5 a6 13. Ba4 b5 14. Bc2 Rb8 15.
Be3 a5 16. Qd2 b4 17. axb4 axb4 18. Ne2 b3 19. Bb1 Nd5 20. Ng5 Nxe3 21. Nxe6
fxe6 22. fxe3 Rxf1+ 23. Kxf1 Bg5 24. Be4 Ne7 25. Qd3 g6 26. Bf3 Nf5 27. e4 Ne3+
28. Kg1 c5 29. Qa6 cxd4 30. Qxe6+ Kh8 31. Ra6 Qe8 32. Qxe8+ Rxe8 33. Nxd4 Nc4
34. Nxb3 Nxb2 35. Kf1 Nd3 36. Ra5 Bf6 37. Rd5 Ne5 38. Nc5 Bg7 39. Nb7 Bf6 40.
Nd6 Re7 41. Ke2 Kg7 42. Rb5 Nc6 43. Rb7 Rxb7 44. Nxb7 Ne5 45. Nd6 Kf8 46. Kf2
Nd3+ 47. Ke3 Ne5 48. Be2 Ke7 49. Nb5 h6 50. Nc7 Kd7 51. Nd5 Bg7 52. Bb5+ Kd6
53. Nf4 g5 54. Nh5 Bh8 55. Ng3 Ke6 56. Ba6 Bf6 57. Nf5 h5 58. Be2 h4 59. Bg4
Kf7 60. Nd6+ Ke7 61. Nc8+ Kd8 62. Nb6 Bg7 63. Nd5 Ke8 64. Kd2 Kf7 65. Kc2 Bh8
66. Bf5 Bg7 67. Kb3 Nd3 68. Kc4 Ne5+ 69. Kd4 Nf3+ 70. Ke3 Ne5 71. Kf2 Nd3+ 72.
Ke2 Ne5 73. Nc7 Ke7 74. Ne6 Bf6 75. Nd4 Kd6 76. Nf3 Nxf3 77. Kxf3 Ke5 78. Kg4
Be7 79. g3 hxg3 80. Kxg3 Bf6 81. Kg4 1/2-1/2

[Event "Madrid ch - Final 2018"]
[Site "Madrid ESP"]
[Date "2018.06.01"]
[Round "7.10"]
[White "Pindado Campos, Raul"]
[Black "Lopez de Turiso, Jose Angel"]
[Result "1/2-1/2"]
[WhiteElo "2018"]
[BlackElo "2022"]
[PlyCount "159"]
[EventDate "2018.05.26"]
[EventType "swiss"]
[EventRounds "7"]
[EventCountry "ESP"]
[SourceTitle "Ajedrez en Madrid"]
[Source "lmi"]
[SourceDate "2018.05.26"]
[SourceVersion "1"]
[SourceVersionDate "2018.06.02"]
[SourceQuality "1"]

1. d4 d5 2. Nf3 e6 3. c4 c6 4. Nc3 f5 5. Bg5 Nf6 6. e3 Be7 7. Bxf6 Bxf6 8. Be2
O-O 9. O-O Bd7 10. b4 Be8 11. Ne5 Bxe5 12. dxe5 f4 13. Bg4 Qe7 14. Qd4 fxe3 15.
fxe3 Nd7 16. Rxf8+ Nxf8 17. cxd5 cxd5 18. e4 dxe4 19. Nxe4 Bc6 20. Nd6 b6 21.
b5 Bd5 22. a4 Ng6 23. Nf5 Qc5 24. Qxc5 bxc5 25. Ne3 Nxe5 26. Nxd5 Nxg4 27. Nc7
Rc8 28. Nxe6 c4 29. h3 Ne5 30. Nd4 Rd8 31. Ne2 Rd2 32. Nc3 Rb2 33. Rc1 Rb4 34.
Nd5 Rxa4 35. b6 axb6 36. Nxb6 Rb4 37. Nd5 Rb3 38. Re1 Nd3 39. Re4 Rb1+ 40. Kh2
Rb5 41. Nc3 Rc5 42. g4 g5 43. Kg2 Kf7 44. Kf3 h6 45. Ke3 Re5 46. Kd4 Ke6 47.
Kxc4 Nf2 48. Rd4 Nxh3 49. Ne4 Kf7 50. Ng3 Nf4 51. Rd7+ Kg6 52. Kd4 Re8 53. Rd6+
Re6 54. Rd7 Ne2+ 55. Nxe2 Rxe2 56. Rd6+ Kf7 57. Rd7+ Kf6 58. Rd6+ Re6 59. Rd8
Kg7 60. Kd5 Rf6 61. Ke5 Rf4 62. Rd7+ Rf7 63. Rd8 Rf4 64. Rd7+ Kg8 65. Rd8+ Rf8
66. Rd7 Rf7 67. Rd8+ Kg7 68. Ra8 Rb7 69. Ra6 Rb5+ 70. Ke4 Rb4+ 71. Kf3 Rf4+ 72.
Kg3 Rf6 73. Ra7+ Kg6 74. Ra8 Kf7 75. Ra7+ Ke6 76. Ra5 Kf7 77. Ra7+ Kg6 78. Ra8
Rb6 79. Rc8 h5 80. Rg8+ 1/2-1/2